Современные тенденции в магнитно-импульсной технике: конспект лекций

Bibliographic Details
Main Author: Ацтиньш А. Я. Андрис Янович
Other Authors: Гемст В. К. Висвалдис Карлович
Summary:Дан обзор развития магнитно-импульсной техники. Описан принцип действия и основные узлы магнитно-импульсной установки. Приведены основные направления технологии на основе исследований и публикаций отечественных и зарубежных ученых и авторов. Для студентов вузов.
Language:Russian
Published: Рига, РПИ, 1982
Subjects:
Format: Book
KOHA link:https://koha.lib.tpu.ru/cgi-bin/koha/opac-detail.pl?biblionumber=317070

MARC

LEADER 00000nam0a2200000 4500
001 317070
005 20231102002934.0
020 |a RU  |b 82-79263 
035 |a (RuTPU)RU\TPU\book\342538 
090 |a 317070 
100 |a 20160404d1982 m y0rusy5003 ca 
101 0 |a rus 
102 |a LV 
105 |a y j 000zy 
200 1 |a Современные тенденции в магнитно-импульсной технике  |e конспект лекций  |f А. Я. Ацтиньш, В. К. Гемст 
210 |a Рига  |c РПИ  |d 1982 
215 |a 47 с.  |c ил. 
330 |a Дан обзор развития магнитно-импульсной техники. Описан принцип действия и основные узлы магнитно-импульсной установки. Приведены основные направления технологии на основе исследований и публикаций отечественных и зарубежных ученых и авторов. Для студентов вузов. 
606 |a Магнитно-импульсная обработка металлов  |2 stltpush  |3 (RuTPU)RU\TPU\subj\40801  |9 60631 
610 1 |a лекции 
610 1 |a магнитно-импульсная техника 
610 1 |a магнитно-импульсные установки 
610 1 |a учебные пособия 
675 |a 621.7.044.7(075.8)  |v 3 
700 1 |a Ацтиньш  |b А. Я.  |g Андрис Янович 
701 1 |a Гемст  |b В. К.  |g Висвалдис Карлович 
801 0 |a RU  |b RuMRKP  |c 19950704  |g psbo 
801 1 |a RU  |b 63413507  |c 20160404 
801 2 |a RU  |b 63413507  |c 20191213  |g RCR 
942 |c BK